000 00527nam a2200217 a 4500
999 _c6547
_d6547
001 6547
003 BD-JhCC
005 20180125092426.0
008 180125s e a|||| || | 000 0 eng d
035 _a(BD-JhCC)6547
040 _aBD-JhCC
_dBD-JhCC
041 _aeng
082 _a686.2
_bCAR
100 _aCarey, David
245 _aHow it Works Printing Processes /
_cDavid Carey,
260 _aLondon :
_bLadybird Books Ltd,
300 _a50 p. :
_c16 cm.
650 _aPrinting
942 _2ddc
_cBK